Pozor, číha na vás riziko!

Bibliographic Details
Main Author: Komorovská, Vladimíra, 1961- (Author)
Format: Article
Language:Slovak
Subjects:

MARC

LEADER 00000nab a2200000 a 4500
001 vtls001513958
003 SK-MaSNL
005 20260304025739.0
008 050227s2004 xo 000 0 slo
035 |a SPKCL16285 
040 |a SPKCL  |b slo  |c SNKBUCL  |d SPK(EK)  |e AACR2 
041 |a slo 
044 |a xo  |c SK 
080 |a 37.018.1:613.88  |2 1981 
245 0 0 |a Pozor, číha na vás riziko!  |c Vladimíra Komorovská 
650 0 7 |a rodinná výchova  |2 snkbucl  |9 66934 
650 0 7 |a sexuálna výchova  |2 snkbucl  |9 2589 
650 0 7 |a adolescenti  |2 snkbucl  |9 4892 
700 1 1 |a Komorovská, Vladimíra,  |d 1961-  |4 aut  |9 226198 
773 1 |t Rodina a škola  |g Roč. 52, č. 5 (2004), s. 22 
850 |a Slovenská pedagogická knižnica Bratislava 
852 |a SPKCL  |b KIS3GCP  |b 000710000  |n SK 
999 |c 2629521  |d 2631451